Top 50 Most Streamed Coldplay Songs - Statistics

General Stats
  • This quiz has been taken 66 times
  • The average score is 24 of 50
Answer Stats
Hint Answer % Correct
1,920,466,472 Yellow
98%
1,751,361,439 Viva La Vida
95%
1,130,590,544 Paradise
88%
1,692,399,577 The Scientist
88%
1,264,193,588 A Sky Full of Stars
86%
766,664,096 Clocks
81%
1,297,263,038 Fix You
81%
1,240,129,366 Hymn For The Weekend
79%
2,313,267,885 Something Just Like This
75%
1,137,324,813 My Universe
72%
722,842,457 Sparks
67%
312,693,959 Higher Power
63%
254,879,778 Princess of China
63%
900,069,908 Adventure of a Lifetime
61%
662,276,606 Magic
61%
275,110,595 Everglow
56%
247,665,832 Speed of Sound
56%
279,404,522 Every Teardrop is a Waterfall
54%
107,303,353 Talk
54%
214,733,743 Charlie Brown
53%
322,705,519 Trouble
53%
157,485,198 Violet Hill
51%
171,944,278 Don't Panic
49%
106,567,518 O
49%
291,394,656 In My Place
47%
81,685,233 Politik
46%
120,442,110 Green Eyes
44%
154,626,786 Shiver
44%
243,648,145 Up&Up
42%
189,020,161 A Head Full of Dreams
37%
105,329,603 Ink
35%
212,615,629 Orphans
35%
125,239,351 Birds
33%
218,092,603 Let Somebody Go
32%
269,921,330 Christmas Lights
30%
84,155,132 Strawberry Swing
30%
86,327,723 The Hardest Part
30%
102,794,872 God Put a Smile Upon Your Face
28%
88,594,095 A Message
26%
83,580,438 High Speed
26%
77,841,381 Army of One
25%
137,584,578 Midnight
25%
86,202,935 True Love
25%
83,958,452 Amazing Day
23%
103,329,897 Fun
21%
126,546,141 Always In My Head
19%
121,060,965 Everyday Life
19%
85,061,088 Warning Sign
19%
72,695,154 We Never Change
19%
100,089,020 Miracles (Someone Special)
4%
No matching quizzes found
Score Distribution
Percent of People with Each Score
Percentile by Number Answered
Your Score History
You have not taken this quiz